000 00554nam a2200169 i 4500
001 142889
003 ES-MaACL
005 20230906200642.0
007 t|
008 071010s1946 sp ||||1| spa d
100 1 _aVidal Pardal, Manuel.
_9114506
245 1 3 _aEl coste de las obras
_b: datos para facilitar la confección de los cuadros de precios /
_cManuel Vidal Pardal.
260 _aMadrid :
_bDossat,
_c1946 (
_fTip. Artística)
300 _a257 p. :
_bil. ;
_c25 cm.
650 4 _aConstrucción.
_911295
852 _aES-MaACL
_jC-4965
_bR.25277
999 _c142889
_d142889